01370nam a2200373Ia 4500001001200000003000800012006001900020007001500039008004100054010001700095020001800112020001800130040002100148035002100169050002200190082002300212245013500235260006300370300001600433490002300449500002000472533015200492650001800644650001800662650002500680650003500705655002900740700002000769700002100789710001700810830002400827856012600851999001900977ebr10546728CaPaEBRm u cr cn|||||||||111128s2012 enk s 001 0 eng d z 2011046422 z9781409431190 z9781409431206 aCaPaEBRcCaPaEBR a(OCoLC)78785279214aBP52b.G56 2012eb04a305.6/9709182122300aGlobal Islamophobiah[electronic resource] :bMuslims and moral panic in the West /c[edited] by George Morgan and Scott Poynting. aFarnham, Surrey ;aBurlington, Vt. :bAshgate Pub.,c2012. axiv, 241 p.1 aGlobal connections aIncludes index. aElectronic reproduction.bPalo Alto, Calif. :cebrary,d2013.nAvailable via World Wide Web.nAccess may be limited to ebrary affiliated libraries. 0aIslamophobia. 0aMoral panics. 0aIslamy21st century. 0aMuslimszNon-Muslim countries. 7aElectronic books.2local1 aMorgan, George.1 aPoynting, Scott.2 aebrary, Inc. 0aGlobal connections.40uhttp://site.ebrary.com/lib/rucke/Doc?id=10546728zAn electronic book accessible through the World Wide Web; click to view c247687d247687